000 00731nam a2200241 i 4500
001 bg
100 1 _aEVANS, Virginia
245 1 0 _aRound-up 4 :
_bEnglish grammar practice /
_cVirginia Evans.
250 _aNew ed. with pre-tests and wordlist.
260 _aHarlow :
_bLongman,
_c2000.
300 _a165 s. :
_bil. ;
_c28 cm.
500 _aOpis wg okł.
650 9 _aJęzyk angielski
_xgramatyka
655 _aPodręczniki
020 _a0582344654
040 _cBPK
041 0 _aeng
080 _a811.111'36(07)
920 _a0-582-34465-4
942 _cKS
008 s pl f |000 0 pol
999 _c45459
_d45459